Link the Links II Quiz Stats

 Plays Quiz not verified by Sporcle

Challenge
Share
Tweet
Score 0/95 Timer 10:00
0 Plays Today
% Correct
One of the race of Greek mythological Gods
100%
Character from Friends, ____ Buffay
100%
Princess in The Little Mermaid
100%
Afro-Caribbean music style popularised by Harry Belafonte
100%
Opener of the box releasing all “the Evils of the World”
100%
Harry Potter werewolf, ____ Greyback
100%
Rights given in the US to suspects on their arrest
100%
His assassination caused World War 1, Archduke Franz ______
100%
Book of maps or charts
100%
Variety of leafy cabbage, usually green or purple
100%
Spanish for 'day'
100%
Song from “Breakfast at Tiffany's”, ___ River
100%
Overall Link:
100%
Solve the 8 anagrams below to help find the common link
89.8%
Atlas
84.7%
R  
84.7%
J  
84.7%
A  
84.7%
U  
84.7%
Phoebe
83.1%
Ferdinand
83.1%
S  
83.1%
U  
83.1%
S  
83.1%
U  
83.1%
S  
83.1%
U  
83.1%
U  
83.1%
E  
83.1%
Miranda
79.7%
N  
79.7%
P  
79.7%
% Correct
S  
79.7%
P  
79.7%
Moon
78%
E  
78%
E  
78%
E  
78%
E  
78%
Ariel
76.3%
C  
76.3%
T  
76.3%
R  
76.3%
T  
76.3%
Pandora
74.6%
M  
74.6%
T  
74.6%
N  
74.6%
N  
74.6%
Fenrir
71.2%
Dia
71.2%
Y  
71.2%
R  
71.2%
V  
71.2%
R  
71.2%
R  
71.2%
M  
71.2%
T  
71.2%
R  
71.2%
Kale
69.5%
U  
69.5%
A  
69.5%
I  
69.5%
U  
69.5%
% Correct
Calypso
67.8%
E  
67.8%
A  
67.8%
N  
67.8%
Titan
66.1%
H  
66.1%
R  
66.1%
A  
66.1%
N  
66.1%
VENUS
61%
EARTH
61%
MARS
61%
JUPITER
61%
SATURN
61%
URANUS
61%
NEPTUNE
61%
MERCURY
59.3%
Celestial bodies
59.3%
Moons of...
59.3%
 Saturn
59.3%
 Saturn
59.3%
 Uranus
59.3%
 Saturn
59.3%
 Saturn
59.3%
 Saturn
59.3%
 Uranus
59.3%
 Uranus
59.3%
 Saturn
59.3%
 Jupiter
59.3%
 Jupiter
59.3%
 Earth
59.3%

You're not logged in!

Compare scores with friends on all Sporcle quizzes.
OR
Log In

You Might Also Like...

Show Comments

Extras

Created Feb 21, 2017ReportNominate
Tags:link

Top Quizzes Today


Score Distribution

Your Account Isn't Verified!

In order to create a playlist on Sporcle, you need to verify the email address you used during registration. Go to your Sporcle Settings to finish the process.

Report this User

Report this user for behavior that violates our Community Guidelines.

Details: